000 00724pam a2200241 a 4500
001 600296
003 OSt9789355735133
005 20230821111117.0
008 911231s1992 enka b 001 0 eng
020 _a9789355735133
040 _aDLC
_cDLC
_dDLC
050 0 0 _aHF5657.4
_b.D78 1992
082 0 0 _a658.1511
_bDRU/M
100 _a Drury, Colin
_91214
245 0 0 _aManagement and cost accounting /
_cColin Drury.
250 _a10th ed.
260 _aIndia ;
_bCengage,
_cc2018.
300 _a842 p. :
504 _aIncludes bibliographical references and index.
650 0 _aManagerial accounting.
650 0 _aCost accounting.
942 _2ddc
_cBK
_h658.1511
_iDRU/M
_k658.1511
_mDRU/M
999 _c41936
_d41936